000 00426cam a2200169ua 4500
020 _c1.25
041 _aeng
_h
082 _a320.58
_bGAN/TW
100 _aGandhi, M.K .
245 _aTwo Memorable Trails of Mahatma Gandhi /
_cM.K.Gandhi.
_hTextual Documents
260 _aAhmadabad :
_bNavajivan publishing house ,
_c1962.
300 _a86 ; .
365 _a1.25
504 _a
942 _cBK
999 _c926
_d926